Conjoined Letters, Part VI Quiz Stats

 Plays Quiz not verified by Sporcle

Score 0/56 Timer 02:00
1 Play Today
Hint Answer % Correct
ak_low.jpg-24a & k
90.1%
SZ_upp.jpg-39S & Z
89.7%
jt_low.jpg-42j & t
89.5%
LM_upp.jpg-18L & M
89.4%
iz_low.jpg-5i & z
89.3%
vw_low.jpg-15v & w
89.3%
SY_upp.jpg-48S & Y
89.3%
cn_low.jpg-2c & n
89.2%
DH_upp.jpg-12D & H
89.2%
MO_upp.jpg-47M & O
89.2%
mz_low.jpg-56m & z
89.2%
sz_low.jpg-1s & z
89.1%
TW_upp.jpg-11T & W
89%
np_low.jpg-43n & p
89%
dz_low.jpg-10d & z
88.9%
TX_upp.jpg-31T & X
88.9%
pq_low.jpg-20p & q
88.8%
gp_low.jpg-9g & p
88.7%
xz_low.jpg-34x & z
88.7%
CH_upp.jpg-49C & H
88.7%
ir_low.jpg-50i & r
88.7%
PZ_upp.jpg-51P & Z
88.7%
EG_upp.jpg-3E & G
88.6%
ch_low.jpg-40c & h
88.6%
iu_low.jpg-7i & u
88.6%
JV_upp.jpg-28J & V
88.6%
jp_low.jpg-55j & p
88.6%
HX_upp.jpg-19H & X
88.5%
Hint Answer % Correct
KL_upp.jpg-45K & L
88.5%
km_low.jpg-22k & m
88.5%
hu_low.jpg-32h & u
88.5%
KO_upp.jpg-21K & O
88.4%
HZ_upp.jpg-36H & Z
88.4%
ck_low.jpg-44c & k
88.4%
de_low.jpg-8d & e
88.4%
AT_upp.jpg-16A & T
88.4%
FM_upp.jpg-17F & M
88.4%
dm_low.jpg-26d & m
88.4%
im_low.jpg-38i & m
88.3%
er_low.jpg-13e & r
88.2%
hi_low.jpg-46h & i
88.1%
mr_low.jpg-54m & r
88%
ik_low.jpg-23i & k
87.9%
ix_low.jpg-52i & x
87.7%
EH_upp.jpg-6E & H
87.6%
qt_low.jpg-35q & t
87.6%
TV_upp.jpg-4T & V
87.3%
DJ_upp.jpg-25D & J
87.2%
CL_upp.jpg-27C & L
87%
lr_low.jpg-41l & r
86.8%
cj_low.jpg-53c & j
86.5%
jv_low.jpg-30j & v
86.3%
IY_upp.jpg-33I & Y
86%
XY_upp.jpg-37X & Y
84.3%
IW_upp.jpg-29I & W
83.4%
CJ_upp.jpg-14C & J
82.5%

You're not logged in!

Compare scores with friends on all Sporcle quizzes.
OR
Log In

Show Comments

Extras

Top Quizzes Today


Score Distribution

Your Account Isn't Verified!

In order to create a playlist on Sporcle, you need to verify the email address you used during registration. Go to your Sporcle Settings to finish the process.

Report this User

Report this user for behavior that violates our Community Guidelines.

Details: